000 00743nam a2200205Ii 4500
003 JO-AjNU
008 230605s9999||||xx |||||||||||||| ||und||
040 _aJO-AjNU
_bara
_erda
_cJO-AjNU
041 _aara
050 1 4 _aHF5437.S376.2006
100 3 _aالصيرفي،محمد/حسن محمد بوجيري,
_eauthor
_932019
245 0 0 _a ادارة المشتريات والمبيعات والمخازن
264 3 1 _aالبحرين:مؤسسة لورد العالمية للشئون الجامعية،2006
300 _a131ص
336 _atext
_btxt
_2rdacontent
337 _aunmediated
_bn
_2rdamedia
338 _avolume
_bnc
_2rdacarrier
490 0 _aاكاديمية التعلم
650 4 _aادارة المشتريات
_932020
999 _aA12877
_c16445
_d16445